00478nam a2200193 a 4500001001300000003000900013005001700022008004100039020001000080082001400090100001900104245002500123260004800148300000800196500003500204505001000239650001600249700001900265nice12345678IN_TiNIC20260116011832.0050524s0000 laha grp 000 0 urd  ac10000a239bHAS1 aHashmatullah,  aBaraheen-E-Naiyyara. aLahorebPunjab Religious Booksociety c0000 a52p aincludes index and biblioraphy2 aIndex aApologetics1 aHashmatullah,